000 00428nam a2200157Ia 4500
008 151213s9999 xx 000 0 und d
020 _a984-32-1862-0
100 _aDr. M. Maniruzzaman
245 _aAdvanced Reading and Writing Skills
_cDr. M. Maniruzzaman
260 _aDhaka
_bFriend'S Book Corner
_c2005
300 _a5518 p.
650 _aEnglish
650 _aEnglish
700 _aDr. M. Maniruzzaman
999 _c3304
_d3304